| 000 | 01622nam a22001697a 4500 | ||
|---|---|---|---|
| 999 |
_c54719 _d54719 |
||
| 008 | 190815b ||||| |||| 00| 0 eng d | ||
| 020 | _a9780281059683 | ||
| 050 |
_aBX4805.3 _b.M34 2007 |
||
| 100 | _aMcGrath, Alister E., 1953- | ||
| 245 |
_aChristianity's dangerous idea : _bthe Protestant revolution -- a history from the sixteenth century to the twenty- first / _cAlister E. McGrath |
||
| 260 |
_aNew York : _bHarperOne, _c2007 |
||
| 300 |
_aviii, 552 p. : _bill. ; _c24 cm |
||
| 500 | _aIncludes bibliographical references and index | ||
| 505 | _a505 0 The gathering storm -- The accidental revolutionary : Martin Luther -- Alternatives to Luther : the diversification of the Reformation -- The shift in power : Calvin and Geneva -- England : the emergence of Anglicanism -- War, peace, and disinterest : European Protestantism in crisis, 1560-1800 -- Protestantism in America -- The nineteenth century : the global expansion of Protestantism -- The Bible and Protestantism -- Believing and belonging : some distinctive protestant beliefs -- The structures of faith : organization, worship, and preaching -- Protestantism and the shaping of western culture -- Protestantism, the arts, and the natural sciences -- The changing shape of American Protestantism - - Tongues of fire : the Pentecostal revolution in Protestantism -- The new frontiers of Protestantism : the global South -- Protestantism : the next generation | ||
| 650 |
_aProtestantism _xHistory |
||
| 942 |
_2lcc _cBK |
||